00681nam a2200145 a 450000100100000000500170001000800410002704000250006811001050009324501380019826000570033630000200039395201050041399900170051800004497020201002045754.0150127s1980 dr 000 0 spa d aDO-SdBNPbspacBNPHU1 aRepública DominicanabSuperintendencia de SegurosbDepartamento de Analisis y Estadística97298910aAnalisis de las primas cobradas por las compañías de seguros durante el segundo semestre del año 1979 y resumen de dicho año. aSanto Domingo :bSuperintendencia de Seguros,c1980. a63 p. ;c28 cm. 0010718PDaPDbPDcHDd2015-01-27iLF1l0o p44970-10r2020-06-25w2020-06-25yLFPDZNo se presta c44459d44459